000 00935nam a2200313Ia 4500
001 Para_9735
003 CHAP
008 220125s2007 xx 000 0 und d
010 _a208394
020 _a978-90-70351-68-7 \ 15-718859
040 _cCHAP
082 _aPA 632.488 S56
100 _aSimmons, Emory G.
_9174741
245 _aAlternaria :
_b An Indentification Manual /
_c Emory G. Simmons
260 _aUtrecht, The Netherlands :
_b CBS Fungal Biodiversity Centre
300 _aiv, 775 p.
440 _aCBS Biodiversity Series N.6
_9174742
650 _aAlternaria
_x Clasificación
_9174743
650 _aAlternaria
_x Identificación
_9174744
650 _aPatógenos
_9156531
650 _aTaxonomía
_9174745
901 _aPA 632.488 S56
902 _aM
905 _a5232202007 a 8000000000 06
910 _a2007
942 _cPARA
942 _cPARA
_d1
999 _c208394
_d208394